| 000 | 00467nam a2200181Ia 4500 | ||
|---|---|---|---|
| 005 | 20250603145051.0 | ||
| 008 | 250603s9999 xx 000 0 und d | ||
| 020 | _a9781230631 | ||
| 050 | _aKP 64 .O3/ | ||
| 100 | _aOdabi, Osaretin Kingsley | ||
| 245 | 0 | _aHandbook on legal ethics and professional conduct : bar & bench | |
| 260 | _aBenin City | ||
| 260 | _bEthiope publishing Co. | ||
| 260 | _c2010 | ||
| 300 | _a451 p | ||
| 650 | _aBenin City | ||
| 942 | _cBK | ||
| 999 |
_c40771 _d40771 |
||